| 000 | 00733cam a2200229 a 4500 | ||
|---|---|---|---|
| 001 | 000008832 | ||
| 005 | 20200929161424.0 | ||
| 008 | 800911s1978 cu 000 f spa d | ||
| 040 |
_aDO-SdBNP _bspa _cLC _dBNPHU |
||
| 082 |
_aU863.44 _bG152d |
||
| 100 | 1 |
_aGaleano, Eduardo H., _d1940- _923356 |
|
| 245 | 1 | 0 |
_aDías y noches de amor y de guerra / _cEduardo Galeano. |
| 260 |
_aLa Habana : _bCasa de las Américas, _c1978. |
||
| 300 |
_a219 p. ; _c19 cm. |
||
| 586 | _aPremio Casa de las Américas 1978. Testimonio | ||
| 650 | 4 |
_aNovela uruguaya _95679 |
|
| 650 | 4 |
_aLiteratura uruguaya _93054 |
|
| 650 | 4 |
_aAutores uruguayos _ySIGLO XX _xBiografía _923387 |
|
| 910 | _aCatalogación por copia / LC | ||
| 910 | _aWM | ||
| 049 | _aGNGR | ||
| 999 |
_c8601 _d8601 |
||